[Event "BUL-chT (Women) 46th"]
[Site "Sunny Beach"]
[Date "2013.09.22"]
[Round "4.3"]
[White "Savova, Stefka"]
[Black "Maksimovic, Suzana"]
[Result "1/2-1/2"]
[WhiteElo "2112"]
[BlackElo "2182"]
[PlyCount "71"]
[EventDate "2013.09.19"]
[EventType "team-tourn"]
[EventRounds "7"]
[EventCountry "BUL"]
[SourceTitle "CBM 156 Extra"]
[Source "ChessBase"]
[SourceDate "2013.10.22"]
[SourceVersion "1"]
[SourceVersionDate "2013.10.22"]
[SourceQuality "1"]
[WhiteTeam "Dupnitsa Marek Union (W)"]
[BlackTeam "Sofia Shah XXI (W)"]
[WhiteTeamCountry "BUL"]
[BlackTeamCountry "BUL"]

1. Nf3 d5 2. g3 c5 3. Bg2 Nf6 4. d3 Nc6 5. Nbd2 g6 6. e4 Bg7 7. 0-0 0-0 8. Re1 e5 9. exd5 Nxd5 10. Nc4 f6 11. c3 Be6 12. Ne3 Nc7 13. Nc2 Qd7 14. Be3 Rfd8 15. Bxc5 Qxd3 16. Qxd3 Rxd3 17. Re3 Rd7 18. Ree1 Rad8 19. Nb4 Nxb4 20. Bxb4 b6 21. a4 a5 22. Ba3 Rd3 23. h3 Bb3 24. Nh2 f5 25. Nf1 Nd5 26. Nh2 e4 27. Bf1 Rd2 28. Bb5 Nc7 29. Nf1 Nxb5 30. Nxd2 Rxd2 31. axb5 Kf7 32. Rac1 h5 33. c4 Bd4 34. Re3 Bxe3 35. fxe3 Rc2 36. Rxc2 1/2-1/2

[Event "BUL-chT (Women) 44th"]
[Site "Albena"]
[Date "2011.06.07"]
[Round "6.1"]
[White "Kantardzhieva, Toni"]
[Black "Savova, Stefka"]
[Result "0-1"]
[WhiteElo "1939"]
[BlackElo "2091"]
[PlyCount "172"]
[EventDate "2011.06.02"]
[EventType "team-tourn"]
[EventRounds "7"]
[EventCountry "BUL"]
[SourceTitle "CBM 142 Extra"]
[Source "ChessBase"]
[SourceDate "2011.06.27"]
[SourceVersion "1"]
[SourceVersionDate "2011.06.27"]
[SourceQuality "1"]
[WhiteTeam "Blagoevgrad Victory (W)"]
[BlackTeam "Sofia CSKA (W)"]
[WhiteTeamCountry "BUL"]
[BlackTeamCountry "BUL"]

1. d4 Nf6 2. Nf3 d5 3. e3 c5 4. b3 Nc6 5. Be2 Bf5 6. 0-0 e6 7. Bb2 h6 8. Ne5 Bd6 9. Nd2 0-0 10. a3 Rc8 11. c4 Ne4 12. f3 Nxd2 13. Qxd2 Bxe5 14. dxe5 dxc4 15. Qxd8 Rfxd8 16. Bxc4 Bd3 17. Rfe1 Bxc4 18. bxc4 Rd3 19. Re2 Rcd8 20. Kf2 Na5 21. Rc1 b6 22. f4 R8d7 23. Rcc2 Kf8 24. e4 Ke8 25. g3 Kd8 26. f5 Kc7 27. Kg2 Kc6 28. Kh3 Rf3 29. Kg4 Rdd3 30. Bc1 Nb3 31. Bb2 Rf1 32. fxe6 fxe6 33. Rf2 Rxf2 34. Rxf2 Nd2 35. Kh5 Nxc4 36. Kg6 Rd7 37. Bc3 Rd3 38. Ba1 Rxa3 39. Rf1 Ra2 40. Rh1 Rg2 41. Kxg7 h5 42. Kf6 Kd7 43. Kg5 Nd2 44. Kxh5 Nxe4 45. Kg4 Ra2 46. Kf4 Nf2 47. Rf1 Nh3+ 48. Kg4 Rxh2 49. Rf7+ Kc6 50. Rxa7 Nf2+ 51. Kg5 Ne4+ 52. Kf4 Nf2 53. g4 Rh1 54. g5 Rg1 55. Bc3 Nh3+ 56. Kf3 Nxg5+ 57. Ke2 Ne4 58. Ba1 Rg6 59. Ke3 Ng3 60. Ra8 Nf5+ 61. Kf4 Ne7 62. Ke4 Nd5 63. Rc8+ Kb5 64. Rb8 Kc4 65. Bb2 Rg2 66. Ba1 b5 67. Re8 Rg6 68. Kf3 b4 69. Bb2 Nc3 70. Rf8 Nd5 71. Rc8 Rg7 72. Rc6 Rf7+ 73. Ke2 Rh7 74. Bc1 Re7 75. Rc8 Nc3+ 76. Ke1 Kd5 77. Be3 Ne4 78. Ke2 Ra7 79. Kf3 Rf7+ 80. Ke2 Kxe5 81. Bxc5 Nxc5 82. Rxc5+ Kd4 83. Rb5 Kc3 84. Rb6 Rf6 85. Rc6+ Kb2 86. Kd3 b3 0-1

[Event "BUL-ch op (Women)"]
[Site "Vratsa"]
[Date "2008.07.31"]
[Round "9"]
[White "Videnova, Iva"]
[Black "Savova, Stefka"]
[Result "1-0"]
[WhiteElo "2211"]
[BlackElo "2135"]
[PlyCount "43"]
[EventDate "2008.07.25"]
[EventType "swiss"]
[EventRounds "9"]
[EventCountry "BUL"]
[SourceTitle "CBM 125 Extra"]
[Source "ChessBase"]
[SourceDate "2008.09.01"]
[SourceVersion "1"]
[SourceVersionDate "2008.09.01"]
[SourceQuality "1"]

1. e4 c5 2. Nf3 d6 3. d4 cxd4 4. Nxd4 Nf6 5. Nc3 a6 6. Bg5 e6 7. f4 Qb6 8. Qd2 Nbd7 9. 0-0-0 Be7 10. Be2 h6 11. Bh4 Nxe4 12. Nxe4 Bxh4 13. Nf5 exf5 14. Nxd6+ Kf8 15. Qd5 Ne5 16. fxe5 Be6 17. Qxb7 Qe3+ 18. Kb1 Rd8 19. Qb4 Be7 20. Nxf5 Rxd1+ 21. Rxd1 Bxb4 22. Rd8# 1-0

[Event "BUL-ch op (Women)"]
[Site "Vratsa"]
[Date "2008.07.29"]
[Round "7"]
[White "Sirkova, Darena"]
[Black "Savova, Stefka"]
[Result "0-1"]
[WhiteElo "1804"]
[BlackElo "2135"]
[PlyCount "128"]
[EventDate "2008.07.25"]
[EventType "swiss"]
[EventRounds "9"]
[EventCountry "BUL"]
[SourceTitle "CBM 125 Extra"]
[Source "ChessBase"]
[SourceDate "2008.09.01"]
[SourceVersion "1"]
[SourceVersionDate "2008.09.01"]
[SourceQuality "1"]

1. e4 c5 2. Nf3 d6 3. d4 cxd4 4. Nxd4 Nf6 5. f3 a6 6. c4 g6 7. Nc3 Bg7 8. Be3 Nc6 9. Be2 0-0 10. Qd2 Nxd4 11. Bxd4 Be6 12. b3 Rc8 13. 0-0 Nd7 14. Bxg7 Kxg7 15. Kh1 Qa5 16. Qb2 f6 17. Rac1 Qe5 18. f4 Qd4 19. Rcd1 Qc5 20. a4 a5 21. Nb5 Qb4 22. Nd4 Bf7 23. Bg4 Rcd8 24. Qe2 Nc5 25. Rf3 e5 26. Nc2 Qb6 27. Qe3 Qc6 28. Re1 Bg8 29. f5 Bf7 30. fxg6 hxg6 31. Rg3 Rh8 32. Qf3 Rh6 33. Bf5 Rdh8 34. h3 Rh4 35. Rf1 Rf4 36. Qe2 Nxe4 37. Bxe4 Qxe4 38. Qxe4 Rxe4 39. Ne3 Be6 40. Rd1 Rd8 41. Nd5 f5 42. Nc3 Rd4 43. Rxd4 exd4 44. Ne2 Kf6 45. Nxd4 Bf7 46. Rd3 d5 47. Nf3 Rd7 48. Kg1 Be6 49. c5 f4 50. Kf2 Bf5 51. Rd4 Be4 52. h4 Rc7 53. Ng5 Ke5 54. Rd2 Rxc5 55. Nf7+ Kf6 56. Nd6 b6 57. Re2 Ke5 58. Nb5 Rc2 59. Na3 Rxe2+ 60. Kxe2 Bxg2 61. Nb5 Be4 62. Nc7 d4 63. Nb5 Bd5 64. Kd3 f3 0-1

[Event "BUL-ch op (Women)"]
[Site "Vratsa"]
[Date "2008.07.27"]
[Round "4"]
[White "Maksimovic, Suzana"]
[Black "Savova, Stefka"]
[Result "1-0"]
[WhiteElo "2289"]
[BlackElo "2135"]
[PlyCount "99"]
[EventDate "2008.07.25"]
[EventType "swiss"]
[EventRounds "9"]
[EventCountry "BUL"]
[SourceTitle "CBM 125 Extra"]
[Source "ChessBase"]
[SourceDate "2008.09.01"]
[SourceVersion "1"]
[SourceVersionDate "2008.09.01"]
[SourceQuality "1"]

1. Nf3 Nf6 2. c4 g6 3. Nc3 Bg7 4. e4 d6 5. d4 Nbd7 6. Be2 e5 7. 0-0 0-0 8. Re1 Re8 9. Bf1 c6 10. Bg5 h6 11. Bh4 g5 12. Bg3 Nh5 13. d5 c5 14. a3 Nf4 15. b4 b6 16. Nd2 Nf8 17. Rb1 h5 18. f3 g4 19. bxc5 bxc5 20. Qa4 a6 21. Qc6 Ra7 22. Bh4 f6 23. fxg4 hxg4 24. Rb6 N8g6 25. Bg3 Bf8 26. Rb8 Qd7 27. Reb1 Rc7 28. Qxd7 Bxd7 29. Rxe8 Bxe8 30. Rb6 Ra7 31. Nb3 Be7 32. Rb8 Kf7 33. Na5 Bd7 34. Be1 Bf8 35. g3 Nh3+ 36. Bxh3 gxh3 37. Bd2 f5 38. Kf2 f4 39. Ne2 Bh6 40. gxf4 exf4 41. Nc6 Rc7 42. Rb6 Bg4 43. Nc1 Bg5 44. Nd3 Bh4+ 45. Kf1 Bg5 46. e5 Bf5 47. e6+ Kf6 48. Bc3+ Ne5 49. Ndxe5 dxe5 50. Bxe5+ 1-0

[Event "BUL-ch (Women) 57th"]
[Site "Plovdiv"]
[Date "2008.03.15"]
[Round "1"]
[White "Savova, Stefka"]
[Black "Raeva, Elitsa"]
[Result "0-1"]
[WhiteElo "2165"]
[BlackElo "2258"]
[PlyCount "56"]
[EventDate "2008.03.14"]
[EventType "tourn"]
[EventRounds "11"]
[EventCountry "BUL"]
[SourceTitle "CBM 123 Extra"]
[Source "ChessBase"]
[SourceDate "2008.05.06"]
[SourceVersion "1"]
[SourceVersionDate "2008.05.06"]
[SourceQuality "1"]

1. Nf3 c5 2. e4 Nc6 3. d3 g6 4. Nbd2 Bg7 5. c3 e5 6. Be2 Nge7 7. Nf1 d5 8. Qc2 0-0 9. Ng3 f5 10. h4 f4 11. exd5 fxg3 12. dxc6 gxf2+ 13. Kf1 Nf5 14. Qb3+ Kh8 15. Kxf2 bxc6 16. Bg5 Qd6 17. h5 Rb8 18. Qc2 c4 19. hxg6 Qxg6 20. dxc4 Qxg5 21. Rxh7+ Kg8 22. Nxg5 Nd4+ 23. Kg3 Nxc2 24. Rah1 Ne3 25. c5 Rxb2 26. Bf3 e4 27. Bxe4 Be5+ 28. Kh4 Rf4+ 0-1

[Event "BUL-ch sf (Women) 57th"]
[Site "Plovdiv"]
[Date "2008.02.15"]
[Round "4"]
[White "Savova, Stefka"]
[Black "Vasileva, Veronika"]
[Result "1-0"]
[WhiteElo "2169"]
[BlackElo "1724"]
[PlyCount "75"]
[EventDate "2008.02.13"]
[EventType "swiss"]
[EventRounds "7"]
[EventCountry "BUL"]
[SourceTitle "EXT 2010"]
[Source "ChessBase"]
[SourceDate "2010.11.25"]
[SourceVersion "1"]
[SourceVersionDate "2010.11.25"]
[SourceQuality "1"]

1. e4 e5 2. Nf3 Nc6 3. Nc3 Nf6 4. Bb5 Nd4 5. Ba4 c6 6. d3 d5 7. exd5 Nxd5 8. Nxd5 Qxd5 9. Nxd4 exd4 10. 0-0 Be6 11. Bb3 Qf5 12. Re1 0-0-0 13. Bxe6+ fxe6 14. Qe2 Re8 15. Qe4 Qxe4 16. Rxe4 e5 17. Bf4 Bd6 18. Rae1 Kd7 19. Bxe5 Bxe5 20. Rxe5 Rxe5 21. Rxe5 Re8 22. Rxe8 Kxe8 23. f4 Ke7 24. Kf2 Ke6 25. Kf3 Kd5 26. c4+ dxc3 27. bxc3 b5 28. Ke3 a5 29. g4 c5 30. h3 b4 31. c4+ Ke6 32. d4 cxd4+ 33. Kxd4 Kd6 34. f5 Kc6 35. g5 a4 36. f6 gxf6 37. gxf6 Kd7 38. c5 1-0

[Event "BUL-chT (Women) 57th"]
[Site "Sunny Beach"]
[Date "2007.10.01"]
[Round "3.2"]
[White "Chilingirova, Pavlina"]
[Black "Savova, Stefka"]
[Result "1/2-1/2"]
[WhiteElo "2189"]
[BlackElo "2162"]
[PlyCount "86"]
[EventDate "2007.09.29"]
[EventType "team"]
[EventRounds "7"]
[EventCountry "BUL"]
[SourceTitle "CBM 120 Extra"]
[Source "ChessBase"]
[SourceDate "2007.11.01"]
[SourceVersion "1"]
[SourceVersionDate "2007.11.01"]
[SourceQuality "1"]

1. d4 Nf6 2. c4 g6 3. f3 d5 4. cxd5 Nxd5 5. e4 Nb6 6. Nc3 Bg7 7. Be3 f5 8. e5 Be6 9. Nh3 Qd7 10. Nf4 Bf7 11. Bb5 c6 12. Be2 0-0 13. b3 c5 14. dxc5 Bxe5 15. Rc1 Qxd1+ 16. Bxd1 Bxf4 17. Bxf4 Nd5 18. Nxd5 Bxd5 19. Kf2 Nc6 20. a3 e6 21. Bh6 Rfe8 22. b4 a5 23. b5 Nd4 24. a4 e5 25. Re1 Kf7 26. g4 Rac8 27. Rc3 Re6 28. Be2 g5 29. Bxg5 Rg8 30. h4 h6 31. Bf4 exf4 32. Rd3 Rxe2+ 33. Rxe2 Nxe2 34. Rxd5 Re8 35. Rd7+ Kf6 36. Rxb7 Ng3 37. c6 Re2+ 38. Kg1 Re1+ 39. Kg2 Re2+ 40. Kh3 Nf1 41. g5+ hxg5 42. hxg5+ Kxg5 43. Rg7+ Kh5 1/2-1/2

[Event "BUL-chT (Women) 57th"]
[Site "Sunny Beach"]
[Date "2007.09.30"]
[Round "2.4"]
[White "Savova, Stefka"]
[Black "Andreeva, Veronika"]
[Result "1-0"]
[WhiteElo "2162"]
[BlackElo "1919"]
[PlyCount "101"]
[EventDate "2007.09.29"]
[EventType "team"]
[EventRounds "7"]
[EventCountry "BUL"]
[SourceTitle "CBM 120 Extra"]
[Source "ChessBase"]
[SourceDate "2007.11.01"]
[SourceVersion "1"]
[SourceVersionDate "2007.11.01"]
[SourceQuality "1"]

1. Nf3 Nf6 2. g3 d5 3. Bg2 g6 4. d3 Bg7 5. Nbd2 Nbd7 6. 0-0 e5 7. e4 dxe4 8. dxe4 0-0 9. Re1 Qe7 10. a4 Rd8 11. Qe2 b6 12. Qc4 Nc5 13. b4 Na6 14. c3 c5 15. b5 Nc7 16. Qe2 Bb7 17. Bb2 Nfe8 18. Nc4 Nd6 19. Nfd2 Ne6 20. Rad1 Qc7 21. Nxd6 Rxd6 22. Nc4 Rdd8 23. Ne3 f6 24. Rxd8+ Rxd8 25. Rd1 Rxd1+ 26. Qxd1 Ng5 27. f3 Nf7 28. Nc4 Kf8 29. Bc1 Ke7 30. Kf2 Nd6 31. Ne3 Nf7 32. Nd5+ Bxd5 33. Qxd5 Qd7 34. Qa8 Nd8 35. Bf1 Qb7 36. Qxb7+ Nxb7 37. Bc4 Kd6 38. h4 Na5 39. Bg8 h6 40. Bf7 g5 41. f4 gxh4 42. gxh4 Nb7 43. Bd5 Nd8 44. Kf3 Ke7 45. fxe5 fxe5 46. Kg4 Ne6 47. Bxe6 Kxe6 48. Kh5 Bf6 49. Bxh6 c4 50. Bg5 Bg7 51. Kg6 1-0

[Event "BUL-ch (Women) 56th"]
[Site "Pernik"]
[Date "2007.03.14"]
[Round "4"]
[White "Savova, Stefka"]
[Black "Chilingirova, Pavlina"]
[Result "1/2-1/2"]
[WhiteElo "2189"]
[BlackElo "2184"]
[PlyCount "21"]
[EventDate "2007.03.11"]
[EventType "tourn"]
[EventRounds "11"]
[EventCountry "BUL"]
[SourceTitle "CBM 117 Extra"]
[Source "ChessBase"]
[SourceDate "2007.05.09"]
[SourceVersion "1"]
[SourceVersionDate "2007.05.09"]
[SourceQuality "1"]

1. Nf3 d5 2. g3 Nf6 3. Bg2 c5 4. 0-0 Nc6 5. d4 e6 6. c4 dxc4 7. Qa4 Bd7 8. dxc5 Bxc5 9. Qxc4 Qb6 10. Nc3 Be7 11. Qb5 1/2-1/2

[Event "BUL-chT (Women) 39h"]
[Site "Sunny Beach"]
[Date "2006.10.10"]
[Round "6"]
[White "Tsvetkova, Svetlana"]
[Black "Savova, Stefka"]
[Result "1/2-1/2"]
[WhiteElo "1867"]
[BlackElo "2213"]
[PlyCount "120"]
[EventDate "2006.10.05"]
[EventType "team-tourn"]
[EventRounds "7"]
[EventCountry "BUL"]
[SourceTitle "CBM 114 Extra"]
[Source "ChessBase"]
[SourceDate "2006.11.03"]
[SourceVersion "1"]
[SourceVersionDate "2006.11.03"]
[SourceQuality "1"]
[WhiteTeam "Pleven Spartak XXI (W)"]
[BlackTeam "Plovdiv Lokomotiv 2000 (W)"]
[WhiteTeamCountry "BUL"]
[BlackTeamCountry "BUL"]

1. e4 c5 2. Nf3 d6 3. d4 cxd4 4. Nxd4 Nf6 5. Nc3 a6 6. Be2 e5 7. Nb3 Be7 8. Be3 Be6 9. 0-0 Nbd7 10. f3 Rc8 11. Qd2 Nb6 12. Rfd1 d5 13. exd5 Nfxd5 14. Nxd5 Nxd5 15. Bf2 0-0 16. Bf1 Qc7 17. c3 f5 18. Re1 Rfe8 19. Rad1 Bf7 20. Kh1 b5 21. Nc1 Rcd8 22. Qc2 g6 23. Nd3 Nb4 24. Nxb4 Bxb4 25. Rxd8 Rxd8 26. a4 bxa4 27. Qxa4 Bc5 28. Bg3 f4 29. Bh4 Rd2 30. Bf6 Be3 31. Qxa6 Rxb2 32. Rd1 Rb8 33. Qd3 Re8 34. Qc2 Ba7 35. Bb5 Rb8 36. Ba4 Rc8 37. h3 Be6 38. Qe4 Bb8 39. Rb1 Qxc3 40. Qb7 Qc7 41. Qa6 Qc4 42. Qb7 Qc7 43. Qa6 Bc4 44. Bb3 Bxb3 45. Rxb3 Qd7 46. Rd3 Rc1+ 47. Kh2 Ba7 48. Qa2+ Kf8 49. Qa3+ Ke8 50. Qxc1 Qxd3 51. Qc8+ Kf7 52. Bxe5 Be3 53. Qc7+ Ke6 54. Bxf4 Bxf4+ 55. Qxf4 Qc3 56. Qg4+ Kf7 57. Qd7+ Kg8 58. Qe7 Qb2 59. f4 Qf2 60. Qe4 Kf7 1/2-1/2

[Event "Vratsa op (Women)"]
[Site "Vratsa"]
[Date "2006.07.29"]
[Round "5"]
[White "Savova, Stefka"]
[Black "Moldovan, Corina"]
[Result "1/2-1/2"]
[WhiteElo "2216"]
[BlackElo "2226"]
[PlyCount "65"]
[EventDate "2006.07.27"]
[EventType "swiss"]
[EventRounds "9"]
[EventCountry "BUL"]
[SourceTitle "CBM 113 Extra"]
[Source "ChessBase"]
[SourceDate "2006.09.14"]
[SourceVersion "1"]
[SourceVersionDate "2006.09.14"]
[SourceQuality "1"]

1. Nf3 d5 2. d3 Nf6 3. Nbd2 Nc6 4. e4 e5 5. c3 a5 6. Be2 Be7 7. 0-0 0-0 8. h3 Re8 9. Re1 Bf8 10. Bf1 b6 11. exd5 Nxd5 12. Nc4 f6 13. a4 Bb7 14. Nh2 Qd7 15. Qg4 Qxg4 16. hxg4 g5 17. g3 Rad8 18. Bg2 Kf7 19. Be4 h6 20. Nf1 Nb8 21. Nfe3 Na6 22. Nxd5 Bxd5 23. Be3 Bxe4 24. dxe4 Rd3 25. Rad1 Red8 26. Rxd3 Rxd3 27. Kf1 Bc5 28. Bc1 Kg6 29. Ke2 Rd8 30. Rh1 Bf8 31. Be3 Bc5 32. Bc1 Bf8 33. Be3 1/2-1/2

[Event "Vratsa op (Women)"]
[Site "Vratsa"]
[Date "2006.07.27"]
[Round "1"]
[White "Savova, Stefka"]
[Black "Vladimirova, Maria"]
[Result "1/2-1/2"]
[WhiteElo "2216"]
[BlackElo "1931"]
[PlyCount "34"]
[EventDate "2006.07.27"]
[EventType "swiss"]
[EventRounds "9"]
[EventCountry "BUL"]
[SourceTitle "CBM 113 Extra"]
[Source "ChessBase"]
[SourceDate "2006.09.14"]
[SourceVersion "1"]
[SourceVersionDate "2006.09.14"]
[SourceQuality "1"]

1. Nf3 d5 2. g3 c6 3. Bg2 Bg4 4. Ne5 Bh5 5. d4 Nd7 6. 0-0 Ngf6 7. c4 e6 8. Nxd7 Qxd7 9. c5 b6 10. b4 a5 11. cxb6 axb4 12. a4 bxa3 13. Nc3 Qb7 14. Qb3 Nd7 15. Bxa3 Bxa3 16. Rxa3 0-0 17. Rb1 Rfb8 1/2-1/2

[Event "BUL-ch (Women) 55th"]
[Site "Svilengrad"]
[Date "2006.03.10"]
[Round "11"]
[White "Savova, Stefka"]
[Black "Raeva, Elitsa"]
[Result "1/2-1/2"]
[WhiteElo "2204"]
[BlackElo "2210"]
[PlyCount "94"]
[EventDate "2006.03.01"]
[EventType "tourn"]
[EventRounds "11"]
[EventCountry "BUL"]
[SourceTitle "CBM 111 Extra"]
[Source "ChessBase"]
[SourceDate "2006.05.09"]
[SourceVersion "1"]
[SourceVersionDate "2006.05.09"]
[SourceQuality "1"]

1. Nf3 d5 2. d4 Nf6 3. c4 e6 4. e3 c6 5. Nc3 Bd6 6. Qc2 Nbd7 7. Bd2 0-0 8. cxd5 exd5 9. Be2 Re8 10. Nh4 g6 11. g3 Nf8 12. h3 Ne6 13. f4 b5 14. a3 a5 15. Kf2 Rb8 16. Bf3 c5 17. Ne2 cxd4 18. exd4 Ng7 19. Nc3 Qb6 20. Be3 Bf5 21. Qd2 Be4 22. Nxe4 Nxe4+ 23. Bxe4 Rxe4 24. Rhe1 Rbe8 25. Rac1 b4 26. a4 Qb8 27. Nf3 Nf5 28. Ne5 f6 29. g4 Nxe3 30. Rxe3 Rxe3 31. Kxe3 fxe5 32. dxe5 Bf8 33. Qxd5+ Kh8 34. Qf7 Rc8 35. Rd1 Qb6+ 36. Kf3 Rd8 37. Rxd8 Qxd8 38. b3 Qe7 39. Qd5 Qc7 40. f5 Qc3+ 41. Ke4 Qxh3 42. f6 Qxg4+ 43. Kd3 Qd1+ 44. Kc4 Qe2+ 45. Kd4 Qf2+ 46. Kc4 Qe2+ 47. Kd4 Qd2+ 1/2-1/2

[Event "BUL-ch (Women) 55th"]
[Site "Svilengrad"]
[Date "2006.03.09"]
[Round "10"]
[White "Voiska, Margarita"]
[Black "Savova, Stefka"]
[Result "1-0"]
[WhiteElo "2308"]
[BlackElo "2204"]
[PlyCount "81"]
[EventDate "2006.03.01"]
[EventType "tourn"]
[EventRounds "11"]
[EventCountry "BUL"]
[SourceTitle "CBM 111 Extra"]
[Source "ChessBase"]
[SourceDate "2006.05.09"]
[SourceVersion "1"]
[SourceVersionDate "2006.05.09"]
[SourceQuality "1"]

1. d4 Nf6 2. c4 e6 3. Nc3 Bb4 4. e3 0-0 5. Nge2 d5 6. a3 Be7 7. Nf4 dxc4 8. Bxc4 c5 9. 0-0 Nc6 10. d5 Ne5 11. Be2 exd5 12. Nfxd5 Nxd5 13. Nxd5 Be6 14. e4 Bxd5 15. exd5 Bd6 16. Bd2 f5 17. f4 Ng6 18. g3 a6 19. a4 b6 20. Qb3 Kh8 21. Rae1 Be7 22. Bc3 Bf6 23. Bf3 b5 24. axb5 Qb6 25. Re6 Qxb5 26. Qc2 Qc4 27. Rxf6 Rxf6 28. b3 Qb5 29. Bxf6 gxf6 30. Qxf5 Kg7 31. h4 Qxb3 32. h5 Qe3+ 33. Kg2 Nf8 34. h6+ Kf7 35. d6 Re8 36. Bh5+ Kg8 37. Bxe8 Qxe8 38. Qxf6 Qe2+ 39. Rf2 Qe4+ 40. Kh2 Ne6 41. d7 1-0

[Event "BUL-ch (Women) 55th"]
[Site "Svilengrad"]
[Date "2006.03.02"]
[Round "2"]
[White "Draganova, Petranka"]
[Black "Savova, Stefka"]
[Result "1/2-1/2"]
[WhiteElo "2049"]
[BlackElo "2204"]
[PlyCount "62"]
[EventDate "2006.03.01"]
[EventType "tourn"]
[EventRounds "11"]
[EventCountry "BUL"]
[SourceTitle "CBM 111 Extra"]
[Source "ChessBase"]
[SourceDate "2006.05.09"]
[SourceVersion "1"]
[SourceVersionDate "2006.05.09"]
[SourceQuality "1"]

1. e4 c5 2. Nf3 d6 3. Bb5+ Bd7 4. Bxd7+ Qxd7 5. 0-0 g6 6. e5 Bg7 7. Re1 e6 8. exd6 Nc6 9. Nc3 Qxd6 10. Ne4 Qe7 11. d3 Nf6 12. Bg5 h6 13. Bxf6 Bxf6 14. Nxf6+ Qxf6 15. Nd2 0-0 16. Ne4 Qe7 17. Qd2 f5 18. Qxh6 fxe4 19. Qxg6+ Qg7 20. Qxe4 Rf6 21. Re3 Rg6 22. c3 Re8 23. Rae1 Rg4 24. Qf3 Rf8 25. Qh3 e5 26. Re4 Rg6 27. R1e3 Qf7 28. f3 Qxa2 29. Rh4 Qe6 30. Rh8+ Kf7 31. Rh7+ Ke8 1/2-1/2

[Event "BUL-chT (Women) 38th"]
[Site "Sunny Beach"]
[Date "2005.09.28"]
[Round "4"]
[White "Vladimirova, Diana"]
[Black "Savova, Stefka"]
[Result "0-1"]
[WhiteElo "1771"]
[BlackElo "2211"]
[PlyCount "70"]
[EventDate "2005.09.26"]
[EventType "team-tourn"]
[EventRounds "9"]
[EventCountry "BUL"]
[SourceTitle "CBM 108 Extra"]
[Source "ChessBase"]
[SourceDate "2005.11.04"]
[SourceVersion "1"]
[SourceVersionDate "2005.11.04"]
[SourceQuality "1"]
[WhiteTeam "Mezdra Lokomotiv (W)"]
[BlackTeam "Plovdiv Lokomotiv 2000 (W)"]
[WhiteTeamCountry "BUL"]
[BlackTeamCountry "BUL"]

1. e4 c5 2. Nc3 d6 3. g3 Nc6 4. d3 g6 5. Be3 Bg7 6. Qd2 Nd4 7. Bg2 Rb8 8. Nge2 b5 9. 0-0 h5 10. Nd1 Bg4 11. f3 Nxe2+ 12. Qxe2 Be6 13. Bf2 Qc8 14. c3 Nh6 15. h4 0-0 16. Kh2 Re8 17. Qd2 Kh7 18. Be3 b4 19. Nf2 bxc3 20. bxc3 Qb7 21. Nh3 Bxh3 22. Kxh3 Qb2 23. Qxb2 Rxb2 24. d4 cxd4 25. Bxd4 a5 26. Rfb1 Reb8 27. Rxb2 Rxb2 28. Bf1 f5 29. Bxg7 Kxg7 30. exf5 gxf5 31. Bd3 Kf6 32. Bc4 e6 33. Bb3 d5 34. Rd1 Ng4 35. Rf1 Rh2# 0-1